000 00814nam a22002417a 4500
001 8585
003 FISKH
005 20251002100557.0
008 251002b cb ||||| |||| 00| 0 eng d
040 _aFISKH
_beng
_cFISKH
_dFISKH
050 _aPZ5.B488 S
082 _a808.8
100 _aBjoland, Esther M.
245 _aThe story hour /
_cCompiled by Esther M. Bjoland
260 _aChicago :
_bStandard Educational Corporation,
_c1992.
300 _a197 pages :
_bcolor illustrations ;
_c27 cm
490 _aChild Horizons
505 _aNP
520 _aA selection of stories, folk and fairy tales, and poems by such authors as Elizabeth Coatsworth, H. C. Andersen, R. L. Stevenson, Rachel Field, and others.
650 _aNursery Rhymes
_vStorybook
_xPhonics
942 _2ddc
_cBK
_n0
999 _c8585
_d8585